000 00332nam a2200145 4500
008 190521s2008||||xo d
100 1 _aHolland M.R.
_91125
245 1 0 _aTy si moja, ty si môj!
260 _bEquilibria
_aKošice
_c2008
250 _a1.vydanie
020 _c0
041 1 _aslo
044 _axo
_cSK
958 _aAUL
999 _c22423
_d22423